[Event "Geller Memorial"]
[Site "Moscow"]
[Date "1999.02.02"]
[Round "1.1"]
[White "Donchenko, Anatoly"]
[Black "Volkov, Sergey"]
[Result "1-0"]
[WhiteElo "2382"]
[BlackElo "2587"]
[PlyCount "125"]
[EventDate "1999.02.02"]

1. Nf3 d5 2. d4 c6 3. c4 Nf6 4. cxd5 cxd5 5. Nc3 Nc6 6. Bf4 a6 7. Rc1 Ne4 8. e3
Nxc3 9. bxc3 Bf5 10. Bd3 Bxd3 11. Qxd3 e6 12. O-O Na5 13. Nd2 b5 14. a4 bxa4
15. c4 Bb4 16. cxd5 Qxd5 17. e4 Qb5 18. Qg3 O-O 19. Bh6 g6 20. Bxf8 Bxd2 21.
Rc2 Rxf8 22. Rxd2 Nb3 23. Rd3 Rd8 24. d5 exd5 25. exd5 Rxd5 26. Rxd5 Qxd5 27.
Qb8+ Kg7 28. Qb4 Qc6 29. Rd1 a5 30. Qe7 h5 31. f3 Qb6+ 32. Kf1 Qb5+ 33. Kf2
Qb6+ 34. Kg3 Qf6 35. Qxf6+ Kxf6 36. Rd3 Ke5 37. Kf2 Nc5 38. Rd2 Nb3 39. Ra2 Nc5
40. Ke3 Kd5 41. Kd2 Kd4 42. h4 Kc4 43. Kc2 Kb4 44. Rb2+ Nb3 45. Rb1 Kc4 46. Kb2
Nc5 47. Ka3 Kd4 48. Re1 f6 49. Re8 g5 50. Rh8 Ke3 51. Rxh5 Ne6 52. Rh8 Kf4 53.
h5 g4 54. fxg4 Kxg4 55. h6 Kh5 56. Kxa4 Kg6 57. Kxa5 Ng5 58. Kb4 Nf7 59. Rg8+
Kxh6 60. Kc3 Kh5 61. Kd2 Nh6 62. Rh8 Kg5 63. Ke3 1-0

[Event "Geller Memorial"]
[Site "Moscow"]
[Date "1999.02.02"]
[Round "1.3"]
[White "Dolinskij, Boris"]
[Black "Balashov, Yuri S"]
[Result "0-1"]
[WhiteElo "2376"]
[BlackElo "2578"]
[PlyCount "116"]
[EventDate "1999.02.02"]

1. d4 e6 2. Nf3 c5 3. c3 Nf6 4. g3 Nc6 5. Bg2 d5 6. O-O Be7 7. Nbd2 O-O 8. dxc5
a5 9. Qc2 Bxc5 10. e4 a4 11. h3 Qc7 12. Kh2 b6 13. exd5 exd5 14. Nd4 Bxd4 15.
cxd4 Qd6 16. Nf3 Nb4 17. Qd1 Ba6 18. Bf4 Qd8 19. Rg1 Nd3 20. Qc2 Nxf4 21. gxf4
Ne4 22. Ne5 Qh4 23. Bxe4 Qxf4+ 24. Rg3 dxe4 25. Nd7 Bd3 26. Qc1 Qxf2+ 27. Rg2
Qxd4 28. Nxf8 Rxf8 29. Qf4 Re8 30. Rc1 g6 31. Rc7 Qe5 32. Rxf7 Bc4 33. Rf8+ Kg7
34. Qxe5+ Rxe5 35. Rc8 Bxa2 36. Re2 b5 37. Kg3 Bc4 38. Re3 g5 39. Rc7+ Kg6 40.
Rc6+ Kf5 41. Rc8 h5 42. Rf8+ Kg6 43. h4 Bd3 44. Rg8+ Kf6 45. Rd8 gxh4+ 46. Kxh4
Rf5 47. Rd6+ Ke5 48. Rdxd3 Kf4 49. Ra3 b4 50. Rxe4+ Kxe4 51. Rxa4 Rb5 52. Ra8
Kd4 53. Rc8 Rc5 54. Rf8 Kd3 55. Rf2 Re5 56. Rg2 Re2 57. Rg3+ Kc2 58. b3 Re5 0-1

[Event "Geller Memorial"]
[Site "Moscow"]
[Date "1999.02.02"]
[Round "1.8"]
[White "Lastin, Alexander"]
[Black "Pres, Grigoriy"]
[Result "1/2-1/2"]
[WhiteElo "2558"]
[BlackElo "2352"]
[PlyCount "142"]
[EventDate "1999.02.02"]

1. e4 c5 2. Nf3 d6 3. d4 cxd4 4. Nxd4 Nf6 5. Nc3 Nc6 6. f3 e5 7. Nb3 Be6 8. Nd5
Be7 9. Be3 O-O 10. Be2 Qd7 11. Qd2 Bd8 12. Nxf6+ Bxf6 13. O-O Rfd8 14. Rfd1 Qe7
15. c4 Rd7 16. Bf1 h6 17. g3 Re8 18. h4 Kh7 19. Qf2 b6 20. Rd2 g6 21. Rad1 Bg7
22. h5 Rf8 23. Qh2 g5 24. g4 Rc8 25. Qf2 Nd8 26. Nc1 Bxc4 27. Bxc4 Rxc4 28. Ne2
Bf8 29. Nc3 Ne6 30. Nd5 Qd8 31. Qe2 Rc8 32. Rc2 Rxc2 33. Qxc2 Nc7 34. Nb4 Ne6
35. Qa4 Bg7 36. Nc6 Qc7 37. b4 Nd4 38. Bxd4 exd4 39. Qc2 Kh8 40. b5 d5 41. e5
Bxe5 42. Qf5 Bg7 43. Kg2 Qd6 44. Re1 Bf6 45. f4 Kg7 46. fxg5 Bxg5 47. Nxd4 Rd8
48. Qf3 Qf6 49. Nf5+ Kg8 50. Qd3 Qb2+ 51. Re2 Qb4 52. Qg3 Qf4 53. Ne7+ Kg7 54.
Nf5+ Kf8 55. Qxf4 Bxf4 56. Kf3 Bg5 57. Nd4 Rc8 58. Nc6 a6 59. a4 axb5 60. axb5
Ra8 61. Re5 Ra3+ 62. Ke2 Rg3 63. Rxd5 Rxg4 64. Ne5 Re4+ 65. Kf3 Re3+ 66. Kg4
Ke7 67. Kf5 Rb3 68. Rd7+ Ke8 69. Rxf7 Rxb5 70. Rh7 Kd8 71. Ke6 Kc8 1/2-1/2

[Event "Geller Memorial"]
[Site "Moscow"]
[Date "1999.02.02"]
[Round "1.10"]
[White "Yemelin, Vasily"]
[Black "Belov, Vladimir"]
[Result "1/2-1/2"]
[WhiteElo "2550"]
[BlackElo "2349"]
[PlyCount "73"]
[EventDate "1999.02.02"]

1. e4 c5 2. Nf3 d6 3. d4 cxd4 4. Nxd4 Nf6 5. Nc3 a6 6. Be2 e6 7. f4 Be7 8. O-O
Qc7 9. g4 Nc6 10. g5 Nd7 11. Be3 b5 12. Nxc6 Qxc6 13. Bf3 Bb7 14. e5 d5 15. Ne2
Nc5 16. Nd4 Qc7 17. h4 Ne4 18. h5 Bc5 19. Kg2 Bxd4 20. Bxd4 h6 21. gxh6 Rxh6
22. Rg1 g6 23. c3 gxh5 24. Kh2 O-O-O 25. a4 Qe7 26. Kh3 Rg6 27. axb5 axb5 28.
Qe2 Rdg8 29. Rxg6 Rxg6 30. Bxe4 Rg4 31. Bf2 dxe4 32. Rg1 Rxf4 33. Rg8+ Kc7 34.
Bg1 Rg4 35. Rxg4 hxg4+ 36. Kxg4 Bc6 37. Qe3 1/2-1/2

[Event "Geller Memorial"]
[Site "Moscow"]
[Date "1999.02.02"]
[Round "1.12"]
[White "Volzhin, Alexander"]
[Black "Gutov, Andrei"]
[Result "0-1"]
[WhiteElo "2543"]
[BlackElo "2345"]
[PlyCount "112"]
[EventDate "1999.02.02"]

1. Nf3 Nf6 2. c4 e6 3. Nc3 d5 4. d4 Bb4 5. e3 c5 6. Bd3 Nc6 7. O-O O-O 8. a3
Bxc3 9. bxc3 Qc7 10. h3 Re8 11. cxd5 exd5 12. dxc5 Na5 13. a4 Qxc5 14. Ba3 Qxc3
15. Nd4 a6 16. Bd6 Nc4 17. Bxc4 dxc4 18. a5 Ne4 19. Bc7 Bd7 20. Rc1 Qb4 21. Rb1
Qc5 22. Rxb7 Rec8 23. Bb6 Qd5 24. Rc7 Rxc7 25. Bxc7 Rc8 26. Bb6 c3 27. Qe2 Bb5
28. Qg4 Bd7 29. Qe2 Qc4 30. Qxc4 Rxc4 31. Rc1 Nd2 32. f3 Ba4 33. Kf2 c2 34. Ke2
Nb1 35. g4 Nc3+ 36. Kd3 Na2 37. Kxc4 Nxc1 38. Bc5 Na2 39. Ba3 c1=Q+ 40. Bxc1
Nxc1 41. Kc5 Nb3+ 42. Kb6 Nxd4 43. exd4 Kf8 44. Kxa6 Ke7 45. f4 Kd6 46. Kb6 Bc6
47. a6 Bg2 48. a7 Ba8 49. f5 f6 50. h4 h6 51. h5 Kd5 52. Kc7 Kxd4 53. Kd6 Ke4
54. Ke7 Kf4 55. Kf7 Kxg4 56. Kxg7 Kg5 0-1

[Event "Geller Memorial"]
[Site "Moscow"]
[Date "1999.02.02"]
[Round "1.13"]
[White "Kosarev, Andrei M"]
[Black "Landa, Konstantin"]
[Result "1/2-1/2"]
[WhiteElo "2345"]
[BlackElo "2542"]
[PlyCount "125"]
[EventDate "1999.02.02"]

1. d4 d5 2. c4 e6 3. Nc3 Bb4 4. e3 Nf6 5. Nf3 c5 6. Bd3 O-O 7. O-O dxc4 8. Bxc4
b6 9. a3 Bxc3 10. bxc3 Bb7 11. a4 Qc7 12. Qe2 Rc8 13. Nd2 Ne4 14. Nxe4 Bxe4 15.
f3 Bb7 16. Bd3 Nc6 17. Qf2 cxd4 18. exd4 Na5 19. Qh4 f5 20. Ra3 Bd5 21. Bf4 Qf7
22. Ba6 Qf8 23. Rfa1 Rd8 24. Bg5 Rd7 25. Bb5 Rf7 26. Bf4 Rc8 27. Ba6 Bb7 28.
Bd3 Rd7 29. Qe1 Qe7 30. Bb5 Rdd8 31. Bd3 Qf7 32. Bg5 Rf8 33. Bf4 Qg6 34. Kf2
Rfd8 35. Rc1 Qf6 36. Kg1 Qe7 37. Rca1 Rd7 38. Bb5 Rd5 39. Qe2 Rdd8 40. Qe1 h6
41. Bd3 Re8 42. Bb5 Rf8 43. Qg3 Rf6 44. Be5 Rf7 45. Bd6 Qg5 46. Qxg5 hxg5 47.
Bb4 Nc4 48. Bxc4 Rxc4 49. a5 Bd5 50. axb6 axb6 51. Ra6 Rc6 52. Ra8+ Kh7 53. Rb8
Bc4 54. Raa8 Kg6 55. Rf8 Rd7 56. Rfd8 Rcc7 57. Rxd7 Rxd7 58. Rc8 Bd5 59. c4 Bb7
60. Re8 Kf7 61. Rf8+ Kg6 62. Re8 Kf7 63. Rf8+ 1/2-1/2

[Event "Geller Memorial"]
[Site "Moscow"]
[Date "1999.02.02"]
[Round "1.17"]
[White "Polovnikova, Ekaterina"]
[Black "Zakharevich, Igor"]
[Result "1/2-1/2"]
[WhiteElo "2336"]
[BlackElo "2532"]
[PlyCount "103"]
[EventDate "1999.02.02"]

1. e4 d6 2. g3 g6 3. Bg2 Bg7 4. Ne2 Nf6 5. O-O O-O 6. d3 c5 7. c4 Nc6 8. Nbc3
a6 9. a3 Rb8 10. Rb1 b5 11. cxb5 axb5 12. b4 cxb4 13. axb4 Bg4 14. d4 Bxe2 15.
Nxe2 Nd7 16. e5 Rc8 17. exd6 exd6 18. Qd3 Na7 19. Nc3 Nb6 20. Nxb5 Nxb5 21.
Qxb5 Bxd4 22. Bg5 Qe8 23. Qxe8 Rfxe8 24. Rfd1 Be5 25. b5 Na4 26. Bc6 Nc3 27.
Bxe8 Rxe8 28. b6 d5 29. b7 Rb8 30. Re1 Nxb1 31. Rxb1 f6 32. Be3 Re8 33. Ba7 Bb8
34. Bxb8 Rxb8 35. Kf1 Kf7 36. Ke2 Ke6 37. Kd3 Kd6 38. Kd4 Kc6 39. f4 f5 40. h4
Kd6 41. h5 gxh5 42. Rb6+ Kc7 43. Rh6 Kxb7 44. Kxd5 Rg8 45. Rxh5 Rxg3 46. Rxh7+
Kc8 47. Ke6 Rf3 48. Kxf5 Kd8 49. Kg5 Ke8 50. f5 Kf8 51. Kf6 Kg8 52. Rg7+
1/2-1/2

[Event "Geller Memorial"]
[Site "Moscow"]
[Date "1999.02.02"]
[Round "1.19"]
[White "Evelev, Vladimir N"]
[Black "Tosic, Miroslav"]
[Result "0-1"]
[WhiteElo "2327"]
[BlackElo "2517"]
[PlyCount "70"]
[EventDate "1999.02.02"]

1. e4 c5 2. Nf3 e6 3. d4 cxd4 4. Nxd4 a6 5. Bd3 d6 6. O-O Nd7 7. c4 Ngf6 8. Nc3
Be7 9. Be3 O-O 10. Rc1 Re8 11. f3 Bf8 12. Qd2 b6 13. b3 Bb7 14. Kh1 Rc8 15.
Rfd1 Qc7 16. Qf2 Qb8 17. Bf1 Ba8 18. Qd2 h6 19. Rc2 Be7 20. Rcc1 Nf8 21. Qf2
Ng6 22. Qd2 Bd8 23. Rc2 Bc7 24. Bg1 Red8 25. Qc1 Bb7 26. Qb2 d5 27. exd5 exd5
28. cxd5 Nxd5 29. Nf5 Be5 30. Bd4 Ne3 31. Nxe3 Bxd4 32. Ng4 Nh4 33. Rd3 h5 34.
Nf2 Re8 35. Rd1 Bxc3 (35... Nxf3 $19) (35... Bxc3 36. Rxc3 $11) 0-1

[Event "Geller Memorial"]
[Site "Moscow"]
[Date "1999.02.02"]
[Round "1.20"]
[White "Beshukov, Sergei"]
[Black "Igriashvili, Zurab"]
[Result "1/2-1/2"]
[WhiteElo "2511"]
[BlackElo "2327"]
[PlyCount "68"]
[EventDate "1999.02.02"]

1. e4 e5 2. Bc4 d6 3. Nf3 Bg4 4. c3 c6 5. d4 Qc7 6. Nbd2 Nf6 7. h3 Bh5 8. O-O
Be7 9. Re1 O-O 10. Bb3 Rd8 11. Nf1 exd4 12. cxd4 d5 13. Ng3 Bg6 14. Ne5 dxe4
15. Nxg6 hxg6 16. Nxe4 Nd5 17. Nc3 Bf6 18. Qg4 Na6 19. Nxd5 cxd5 20. Bf4 Qc8
21. Qf3 Nb4 22. Be5 Bg5 23. Qg3 Qf5 24. Rad1 Nc6 25. Qd3 Qxd3 26. Rxd3 Rac8 27.
Bd1 Nb4 28. Rb3 Rc1 29. Rf1 a5 30. a3 Nc6 31. Rxb7 Nxe5 32. dxe5 Bf4 33. Rb5
Bxe5 34. Rxa5 Bxb2 1/2-1/2

[Event "Geller Memorial"]
[Site "Moscow"]
[Date "1999.02.02"]
[Round "1.21"]
[White "Strukov, Robert"]
[Black "Chekhov, Valery A"]
[Result "1/2-1/2"]
[WhiteElo "2325"]
[BlackElo "2511"]
[PlyCount "73"]
[EventDate "1999.02.02"]

1. e4 c5 2. Nf3 e6 3. d3 d5 4. Nbd2 Nf6 5. g3 b6 6. Bg2 Nc6 7. O-O Be7 8. Re1
Qc7 9. Qe2 Bb7 10. a3 dxe4 11. dxe4 O-O 12. e5 Nd7 13. h4 Rac8 14. c3 Na5 15.
b4 cxb4 16. cxb4 Nc4 17. Nxc4 Qxc4 18. Bf4 Qxe2 19. Rxe2 a5 20. Rd2 Nb8 21. Bg5
Bxg5 22. hxg5 Rfd8 23. Rad1 Rxd2 24. Rxd2 axb4 25. axb4 Na6 26. b5 Nc7 27. Nd4
Bxg2 28. Kxg2 Rd8 29. Rc2 Rxd4 30. Rxc7 h6 31. gxh6 Rd5 32. h7+ Kxh7 33. Rxf7
Rxe5 34. f4 Rxb5 35. Re7 Kg6 36. Rxe6+ Kf5 37. Rc6 1/2-1/2

[Event "Geller Memorial"]
[Site "Moscow"]
[Date "1999.02.02"]
[Round "1.22"]
[White "Ovetchkin, Roman"]
[Black "Malinin, Yuri"]
[Result "1-0"]
[WhiteElo "2511"]
[BlackElo "2324"]
[PlyCount "63"]
[EventDate "1999.02.02"]

1. e4 e5 2. Nf3 Nc6 3. c3 Nf6 4. d3 Bc5 5. Be2 d5 6. Qc2 dxe4 7. dxe4 Bg4 8. b4
Bd6 9. O-O Ne7 10. Rd1 Qc8 11. Na3 O-O 12. Nc4 Ng6 13. h3 Bd7 14. Be3 Bxh3 15.
gxh3 Qxh3 16. Nh2 Nh4 17. Bf1 Nf3+ 18. Nxf3 Qxf3 19. Bg2 Qh5 20. f3 Rad8 21.
Qf2 Qg6 22. Qh4 h6 23. Kf2 Nd7 24. Nxd6 cxd6 25. Bh3 Qf6 26. Qxf6 Nxf6 27. c4
b6 28. a4 Nh5 29. a5 bxa5 30. Rxa5 g6 31. Bxh6 Rfe8 32. Bg4 1-0

[Event "Geller Memorial"]
[Site "Moscow"]
[Date "1999.02.02"]
[Round "1.23"]
[White "Ozolin, Maxim"]
[Black "Nikolenko, Oleg"]
[Result "1/2-1/2"]
[WhiteElo "2321"]
[BlackElo "2510"]
[PlyCount "97"]
[EventDate "1999.02.02"]

1. e4 e6 2. d4 d5 3. Nd2 c5 4. exd5 exd5 5. Ngf3 Nf6 6. Bb5+ Bd7 7. Qe2+ Be7 8.
dxc5 O-O 9. Bxd7 Nbxd7 10. Nb3 Re8 11. O-O Bxc5 12. Qd3 Bb6 13. Bf4 a6 14. Rae1
Re4 15. Be3 Qc7 16. Bd4 Rae8 17. c3 h6 18. Qd1 R4e6 19. Bxb6 Qxb6 20. Nfd4 Re5
21. Rxe5 Rxe5 22. Re1 g6 23. Qd2 Kg7 24. f3 Qc7 25. Re3 Nb6 26. Qe2 Rxe3 27.
Qxe3 Nc4 28. Qe2 Qb6 29. Qe7 Ng8 30. Qe2 Kf8 31. g3 Ne7 32. Kg2 Nc6 33. Qf2
Nxd4 34. cxd4 Qb4 35. Qe2 b6 36. f4 a5 37. f5 a4 38. Nc1 Qxb2 39. Qxb2 Nxb2 40.
fxg6 fxg6 41. Ne2 Nd1 42. Kf1 g5 43. Ke1 Ne3 44. Nc3 a3 45. Ke2 Nc2 46. Nxd5
Nxd4+ 47. Kd3 Nf3 48. Nxb6 Nxh2 49. Ke2 1/2-1/2

[Event "Geller Memorial"]
[Site "Moscow"]
[Date "1999.02.02"]
[Round "1.25"]
[White "Grigoriants, Sergey"]
[Black "Kiselev, Sergey"]
[Result "1/2-1/2"]
[WhiteElo "2313"]
[BlackElo "2500"]
[PlyCount "48"]
[EventDate "1999.02.02"]

1. e4 c5 2. Nf3 Nc6 3. d4 cxd4 4. Nxd4 Nf6 5. Nc3 d6 6. Bc4 Qb6 7. Ndb5 a6 8.
Be3 Qa5 9. Nd4 e6 10. O-O Be7 11. Bb3 O-O 12. f4 Bd7 13. f5 Nxd4 14. Bxd4 exf5
15. exf5 Bc6 16. Qd3 Rae8 17. Rad1 Nd7 18. Ne4 Bxe4 19. Qxe4 Qc7 20. Rde1 Ne5
21. Kh1 Bf6 22. Qd5 Re7 23. Re4 Rfe8 24. Rfe1 h5 1/2-1/2

[Event "Geller Memorial"]
[Site "Moscow"]
[Date "1999.02.02"]
[Round "1.28"]
[White "Rychagov, Andrey"]
[Black "Goletiani, Rusudan"]
[Result "1-0"]
[WhiteElo "2487"]
[BlackElo "2310"]
[PlyCount "93"]
[EventDate "1999.02.02"]

1. d4 Nf6 2. c4 e6 3. Nc3 c5 4. d5 exd5 5. cxd5 Bd6 6. Nf3 O-O 7. g3 Bc7 8. d6
Ba5 9. Bg2 Ne4 10. O-O Nxc3 11. bxc3 Bxc3 12. Rb1 Nc6 13. Qc2 Bf6 14. Qxc5 b6
15. Qh5 Ba6 16. Re1 Re8 17. Ng5 Bxg5 18. Bxg5 Re5 19. f4 Rc5 20. Bxd8 Rxh5 21.
Be7 Rc5 22. Rbc1 Bc4 23. Bh4 Rc8 24. Kf2 Nd4 25. Bb7 Re8 26. g4 Bxa2 27. Rxc5
bxc5 28. e3 Nb5 29. Be7 Rb8 30. Bf3 Rb6 31. Ra1 Bb3 32. e4 f6 33. e5 fxe5 34.
fxe5 Be6 35. Be4 Nc3 36. Bf5 Rb2+ 37. Kf3 Bd5+ 38. Ke3 Bc6 39. Kd3 Nb5 40. e6
Rb3+ 41. Kd2 Rb2+ 42. Kc1 Rxh2 43. exd7 Rh1+ 44. Kd2 Rh2+ 45. Ke3 Rh3+ 46. Kf2
Rh2+ 47. Kg3 1-0

[Event "Geller Memorial"]
[Site "Moscow"]
[Date "1999.02.02"]
[Round "1.29"]
[White "Bondar, Anatoly T."]
[Black "Dragomarezkij, Evgeni"]
[Result "0-1"]
[WhiteElo "2303"]
[BlackElo "2486"]
[PlyCount "88"]
[EventDate "1999.02.02"]

1. e4 c5 2. Nc3 Nc6 3. f4 g6 4. Nf3 Bg7 5. g3 e6 6. Bg2 Nge7 7. O-O O-O 8. d3
d6 9. Be3 Nd4 10. Qd2 Rb8 11. Qf2 Nec6 12. Nd1 b6 13. Nh4 Ne7 14. c3 Nb5 15.
Qc2 d5 16. Nf2 f5 17. Rad1 d4 18. Bd2 dxc3 19. bxc3 Kh8 20. Nf3 Nc6 21. Ng5 Qd7
22. Rfe1 Nc7 23. Be3 Bb7 24. g4 Rbe8 25. d4 cxd4 26. cxd4 fxe4 27. Bxe4 Nb4 28.
Qb1 Bxe4 29. Nfxe4 Nbd5 30. Nxh7 Kxh7 31. Ng5+ Kg8 32. Qxg6 Rf6 33. Qh7+ Kf8
34. Bc1 b5 35. Qb1 Rh6 36. f5 exf5 37. Rf1 f4 38. Bxf4 Qxg4+ 39. Bg3+ Kg8 40.
Nf7 Rh3 41. Ne5 Rxg3+ 42. hxg3 Qxg3+ 43. Kh1 Re6 44. Nf7 Re2 0-1

[Event "Geller Memorial"]
[Site "Moscow"]
[Date "1999.02.02"]
[Round "1.30"]
[White "Zhelesny, Stanislav"]
[Black "Iskusnyh, Sergei"]
[Result "0-1"]
[WhiteElo "2307"]
[BlackElo "2486"]
[PlyCount "96"]
[EventDate "1999.02.02"]

1. Nf3 c5 2. g3 g6 3. Bg2 Bg7 4. c4 Nc6 5. O-O e5 6. Nc3 Nge7 7. e4 d6 8. Nd5
O-O 9. d3 f5 10. exf5 gxf5 11. Bg5 Rb8 12. Rb1 Qe8 13. Nh4 Nxd5 14. Bxd5+ Be6
15. Be3 Bxd5 16. cxd5 Nb4 17. Qb3 Qf7 18. f4 Nxd5 19. Nxf5 Nxe3 20. Nxe3 Qxb3
21. axb3 exf4 22. Nd5 fxg3 23. hxg3 Rbe8 24. Rxf8+ Rxf8 25. Kg2 Bd4 26. Nf4 Re8
27. Kf3 Re3+ 28. Kg4 Be5 29. b4 Bxf4 30. gxf4 Rxd3 31. Kf5 Kf7 32. b5 c4 33.
Rh1 Rd5+ 34. Ke4 Rxb5 35. Rxh7+ Ke6 36. Rh6+ Kd7 37. Rh7+ Kc6 38. Rh2 d5+ 39.
Ke5 Rb3 40. f5 Re3+ 41. Kf4 Re8 42. f6 d4 43. Kf5 d3 44. f7 Rf8 45. Ke6 b5 46.
Rg2 b4 47. Rg8 Rxf7 48. Kxf7 d2 0-1

[Event "Geller Memorial"]
[Site "Moscow"]
[Date "1999.02.02"]
[Round "1.31"]
[White "Kuporosov, Viktor"]
[Black "Pokrovski, Pavel"]
[Result "1-0"]
[WhiteElo "2485"]
[BlackElo "2305"]
[PlyCount "87"]
[EventDate "1999.02.02"]

1. e4 e5 2. Nf3 Nf6 3. Nc3 Nc6 4. Bc4 Nxe4 5. O-O Nxc3 6. dxc3 Be7 7. Qd5 O-O
8. Nxe5 Nxe5 9. Qxe5 Bf6 10. Qh5 g6 11. Qf3 c6 12. Bh6 Bg7 13. Bxg7 Kxg7 14.
Rae1 d5 15. Bd3 Qg5 16. Re3 Bd7 17. c4 Rae8 18. Rxe8 Rxe8 19. cxd5 Qxd5 20.
Qxd5 cxd5 21. f3 Kf6 22. Kf2 d4 23. Rd1 Rc8 24. Ke2 Ke5 25. Kd2 Kd6 26. Be4 f5
27. Bxb7 Rb8 28. Ba6 Rxb2 29. Bc4 Rb4 30. Bb3 Rb8 31. Ke1 Bb5 32. Rxd4+ Kc5 33.
Rd5+ Kb4 34. Kd2 a6 35. c3+ Ka3 36. c4 Bc6 37. Ra5+ Kb2 38. Rxa6 Rd8+ 39. Ke3
Bb7 40. Ra7 Rd7 41. Kf4 h6 42. Ke5 g5 43. c5 Re7+ 44. Be6 1-0

[Event "Geller Memorial"]
[Site "Moscow"]
[Date "1999.02.02"]
[Round "1.33"]
[White "Lundin, Alexandr"]
[Black "Arbakov, Valentin"]
[Result "0-1"]
[WhiteElo "2299"]
[BlackElo "2482"]
[PlyCount "78"]
[EventDate "1999.02.02"]

1. d4 Nf6 2. c4 e6 3. Nc3 Bb4 4. Qc2 c5 5. Nf3 cxd4 6. Nxd4 a6 7. e3 b6 8. Be2
Bb7 9. O-O O-O 10. a3 Be7 11. e4 Qc7 12. Be3 d6 13. Rac1 Nbd7 14. f3 Rac8 15.
Rfe1 Ne5 16. b3 Qb8 17. Qb2 Ng6 18. Bf1 Rfe8 19. Qd2 d5 20. exd5 exd5 21. Nxd5
Nxd5 22. cxd5 Bxa3 23. Rxc8 Rxc8 24. Nf5 Qe5 25. Ng3 b5 26. b4 Qxd5 27. Qxd5
Bxd5 28. Bd2 Bb2 29. Bd3 Ne5 30. Bf5 Rd8 31. Be3 g6 32. Be4 Bc4 33. Rb1 Bc3 34.
Bb7 a5 35. bxa5 Bxa5 36. Ne4 f5 37. Nc5 Bb6 38. Bf2 Rd2 39. Be3 Rc2 0-1

[Event "Geller Memorial"]
[Site "Moscow"]
[Date "1999.02.02"]
[Round "1.36"]
[White "Namgilov, Sogto"]
[Black "Ariskin, Alexey"]
[Result "1-0"]
[WhiteElo "2472"]
[BlackElo "2294"]
[PlyCount "129"]
[EventDate "1999.02.02"]

1. d4 d5 2. c4 c6 3. Nf3 Nf6 4. Nc3 e6 5. Bg5 h6 6. Bh4 dxc4 7. e4 g5 8. Bg3 b5
9. Be2 Nbd7 10. O-O b4 11. Na4 Nxe4 12. Bxc4 Bg7 13. Qe2 Nxg3 14. fxg3 O-O 15.
Rad1 Bb7 16. h4 g4 17. Nd2 c5 18. Nb3 Qc7 19. Naxc5 Nxc5 20. Nxc5 Rad8 21. Kh2
h5 22. Nxb7 Qxb7 23. Qe3 Qb6 24. Rf4 Bh6 25. Rxg4+ hxg4 26. Qxh6 Rxd4 27. Qg5+
Kh7 28. Rf1 f6 29. Qh5+ Kg7 30. Rf4 Rxf4 31. gxf4 Rg8 32. Qxg4+ Kf7 33. Qh5+
Kf8 34. Qf3 Ke7 35. b3 Rh8 36. g3 Rd8 37. Qe4 Rd2+ 38. Kh3 Rxa2 39. f5 e5 40.
Qd5 Qd6 41. Qb7+ Kd8 42. Be6 a5 43. Qc8+ Ke7 44. Qh8 Qd8 45. Qg7+ Kd6 46. h5
Qa8 47. Qxf6 Qh1+ 48. Kg4 Qe4+ 49. Kg5 Qe3+ 50. Kg6 Qxg3+ 51. Kf7 Kc5 52. Qd8
Qf3 53. Qc7+ Kd4 54. Qd6+ Kc3 55. Qxe5+ Kd3 56. Bc4+ Kc2 57. f6 a4 58. Bd5 Qg4
59. Be6 Qf3 60. Bd5 Qg4 61. bxa4 Rxa4 62. Qe4+ Qxe4 63. Bxe4+ Kc1 64. h6 b3 65.
h7 1-0

[Event "Geller Memorial"]
[Site "Moscow"]
[Date "1999.02.02"]
[Round "1.37"]
[White "Vdovin, Dmitry"]
[Black "Reprintsev, Alexander"]
[Result "0-1"]
[WhiteElo "2292"]
[BlackElo "2470"]
[PlyCount "64"]
[EventDate "1999.02.02"]

1. e4 d5 2. exd5 Qxd5 3. Nc3 Qa5 4. Nf3 Nf6 5. Be2 Nc6 6. O-O Bg4 7. d3 e6 8.
h3 Bh5 9. Bf4 O-O-O 10. Ng5 Bg6 11. Bf3 Nd4 12. Re1 h6 13. Nge4 Qf5 14. Bg3
Nxf3+ 15. Qxf3 Qxf3 16. gxf3 Nh5 17. Nd2 Bf5 18. Kg2 f6 19. Nc4 e5 20. Ne2 g5
21. Rad1 Rh7 22. Ne3 Bg6 23. d4 Nf4+ 24. Bxf4 exf4 25. Ng4 h5 26. Nxf6 Rf7 27.
Ne4 Bxe4 28. fxe4 f3+ 29. Kg3 h4+ 30. Kg4 fxe2 31. Rxe2 Be7 32. c3 Rh8 0-1

[Event "Geller Memorial"]
[Site "Moscow"]
[Date "1999.02.02"]
[Round "1.38"]
[White "Kostenko, Petr"]
[Black "Kunin, Vitaliy"]
[Result "0-1"]
[WhiteElo "2468"]
[BlackElo "2290"]
[PlyCount "112"]
[EventDate "1999.02.02"]

1. e4 c5 2. Nf3 Nf6 3. e5 Nd5 4. Nc3 Nxc3 5. dxc3 Nc6 6. Bf4 Qc7 7. Qd2 e6 8.
Qe3 h6 9. Nd2 b6 10. Nc4 Ba6 11. h4 Bxc4 12. Bxc4 O-O-O 13. O-O-O Be7 14. Bg3
Kb8 15. Ba6 d6 16. exd6 Bxd6 17. Rxd6 Rxd6 18. Bb5 Rhd8 19. Re1 Ne7 20. Bd3 Nd5
21. Qf3 Nf6 22. Bb5 h5 23. b3 Ng4 24. Qe2 Ka8 25. Bd3 Nf6 26. Be5 a5 27. g3 Ka7
28. Bxd6 Rxd6 29. Kb2 Qd8 30. Qf3 Rd5 31. Bc4 Rd6 32. Bf1 Qa8 33. Qe2 Qd5 34.
f4 Qd2 35. Qa6+ Kb8 36. Re2 Qd1 37. Bg2 Nd5 38. f5 a4 39. fxe6 a3+ 40. Qxa3
Qxe2 41. exf7 Qe7 42. Bxd5 Rxd5 43. Qa6 Rd6 44. Qc4 Rf6 45. a4 Qxf7 46. Qb5 Qe6
47. a5 g6 48. axb6 Qxb6 49. Qe8+ Kb7 50. Qe7+ Kc8 51. Qe8+ Qd8 52. Qb5 Qe7 53.
Qa5 Qd6 54. Qa8+ Kd7 55. Qg8 Ke7 56. Qh8 Qxg3 0-1

[Event "Geller Memorial"]
[Site "Moscow"]
[Date "1999.02.02"]
[Round "1.39"]
[White "Bogaudinov, Rushan"]
[Black "Polovodin, Igor A"]
[Result "0-1"]
[WhiteElo "2289"]
[BlackElo "2468"]
[PlyCount "126"]
[EventDate "1999.02.02"]

1. e4 e5 2. Nf3 Nc6 3. d4 exd4 4. Bc4 Nf6 5. e5 Ng4 6. Qe2 Qe7 7. Bf4 d6 8.
exd6 Qxe2+ 9. Bxe2 Bxd6 10. Bxd6 cxd6 11. Na3 Nge5 12. Nb5 d3 13. cxd3 Ke7 14.
O-O Bf5 15. Rfd1 Nxf3+ 16. Bxf3 Rac8 17. d4 Kd7 18. h4 Rhe8 19. Nc3 h6 20. Bh5
g6 21. Bf3 h5 22. Nd5 Kd8 23. Nf6 Re7 24. Ng8 Rec7 25. Nh6 Bc2 26. Rd2 Ba4 27.
Re1 Nb4 28. b3 Bb5 29. g4 hxg4 30. Nxg4 Rc1 31. Rxc1 Rxc1+ 32. Kh2 Bc6 33. d5
Bb5 34. Ne3 Nd3 35. Be2 Ne5 36. f4 Bxe2 37. Rxe2 Nf3+ 38. Kg3 Nd4 39. Rd2 Nb5
40. Nc4 Kd7 41. Ne3 Nc3 42. Kf3 Rh1 43. Ng2 f5 44. Rc2 Rh3+ 45. Kf2 Nxd5 46.
Rc4 Nc3 47. Rb4 b5 48. a4 a5 49. Rd4 Ne4+ 50. Kg1 b4 51. Rd5 Nc5 52. h5 Rxh5
53. Ne3 Ke6 54. Rd1 Nxb3 55. Nc4 d5 56. Nb6 d4 57. Kg2 Rh4 58. Rd3 Nc1 59. Rxd4
Ne2 60. Rd8 Nxf4+ 61. Kg3 g5 62. Re8+ Kf7 63. Re5 Rh3+ 0-1

[Event "Geller Memorial"]
[Site "Moscow"]
[Date "1999.02.02"]
[Round "1.40"]
[White "Akhmadeev, Vadim"]
[Black "Afonin, Alexey"]
[Result "1-0"]
[WhiteElo "2467"]
[BlackElo "2288"]
[PlyCount "67"]
[EventDate "1999.02.02"]

1. e4 e5 2. Nf3 Nf6 3. Nc3 Nc6 4. Bb5 Nd4 5. Ba4 Nxf3+ 6. Qxf3 c6 7. O-O d6 8.
d3 Be7 9. Bb3 O-O 10. Qe2 Be6 11. f4 Bxb3 12. axb3 exf4 13. Bxf4 d5 14. e5 Bc5+
15. Kh1 Nd7 16. Rae1 Re8 17. Qg4 f6 18. d4 Bb4 19. Bg3 Be7 20. Nd1 fxe5 21.
dxe5 Bg5 22. Rf5 Bh6 23. Rh5 Bc1 24. Bh4 Qc8 25. e6 Nc5 26. Qf5 h6 27. Qf7+ Kh8
28. e7 Ne4 29. Nf2 Nxf2+ 30. Bxf2 Bd2 31. Re6 Kh7 32. Bd4 Rg8 33. Qg6+ Kh8 34.
Rxh6+ 1-0

[Event "Geller Memorial"]
[Site "Moscow"]
[Date "1999.02.02"]
[Round "1.42"]
[White "Gusev, Yuri S"]
[Black "Vorotnikov, Vladislav V"]
[Result "0-1"]
[WhiteElo "2285"]
[BlackElo "2463"]
[PlyCount "96"]
[EventDate "1999.02.02"]

1. f4 d6 2. Nf3 Nf6 3. e3 g6 4. b3 Bg7 5. Bb2 O-O 6. Qc1 Nc6 7. Bc4 a6 8. a4
Bg4 9. O-O Bxf3 10. Rxf3 e5 11. fxe5 Nxe5 12. Bxe5 dxe5 13. Nc3 c6 14. a5 e4
15. Rf2 Qe7 16. Qa3 Qe5 17. Raf1 Rad8 18. h3 Nd5 19. Bxd5 cxd5 20. Ne2 f5 21.
Qb4 Qc7 22. c3 Qd7 23. Nd4 h5 24. Ne2 h4 25. Nf4 Kh7 26. c4 d4 27. Nd5 Be5 28.
Qb6 Qc6 29. Rb1 Qxb6 30. axb6 d3 31. Rff1 Rd6 32. b4 Kg7 33. Rfc1 Rc8 34. Ne7
Rcd8 35. Nd5 Kf7 36. Kf1 Rc6 37. Ke1 Ke6 38. b5 axb5 39. Rxb5 Rdc8 40. Rb4 g5
41. Ra4 Bd6 42. Kf1 Rc5 43. Ke1 Ke5 44. Rc3 f4 45. Kf2 Kf5 46. Ke1 Rxd5 47.
cxd5 Rxc3 48. dxc3 fxe3 0-1